000 00670nam a22001697a 4500
003 OSt
005 20140310181750.0
008 130626t xxu||||| |||| 00| 0 eng d
050 _aDS 687
_b.P552 1997
082 _aFil 351.0076
_bP 1997
245 _aThe Philippines today :
_bpole vaulting into the 21st century : pole vaulting into the 21st century (citius, fortius, altius) : a technical report on the five-year accomplishments of the Ramos administration to accompany the state of the nation address /
260 _aManila
_bPresidential Management Staff
_cc1997
300 _axxiv, 329 p. ;
_bill. ;
_c28 cm.
562 _e1
942 _2lcc
_cBK
_kFil
999 _c3176
_d3176